000 00546nam a2200217 a 4500
999 _c6842
_d6842
001 6842
003 BD-JhCC
005 20180131092023.0
008 180131s1968 e |||| || | 000 0 eng d
035 _a(BD-JhCC)6842
040 _aBD-JhCC
_dBD-JhCC
041 _aeng
082 _a301.42
_bKAM 1968
100 _aKamm, Josephine
245 _aYoung Mother /
_cJosephine Kamm,
260 _aLondon :
_bHeinemann Educational Books Ltd,
_c1968
300 _a160 p. :
_c20 cm.
650 _aTeenage Mothers
942 _2ddc
_cBK